| Tag |
First Indicator |
Second Indicator |
Subfields |
| LEADER |
00000cam a22000008a 4500 |
| 001 |
in00000017939 |
| 005 |
20151007053113.0 |
| 008 |
871221s1988 nyu 00010 eng |
| 010 |
|
|
|a 87040485
|
| 020 |
|
|
|a 0394568435 :
|c $16.95
|
| 020 |
|
|
|a 0394757858 (pbk.) :
|c $8.95
|
| 035 |
|
|
|a (OCoLC)17301111
|
| 035 |
|
|
|9 AAB0418AM
|
| 040 |
|
|
|a DLC
|c DLC
|d TXA
|d UtOrBLW
|
| 049 |
|
|
|a TXAM
|c [A11082347]
|
| 050 |
0 |
0 |
|a PS3558.O48
|b R58 1988
|
| 082 |
0 |
|
|a 811/.54
|2 19
|
| 100 |
1 |
|
|a Hongo, Garrett Kaoru,
|d 1951-
|
| 245 |
1 |
4 |
|a The river of heaven :
|b poems /
|c by Garrett Hongo.
|
| 250 |
|
|
|a 1st ed.
|
| 263 |
|
|
|a 8803
|
| 264 |
|
1 |
|a New York :
|b Knopf,
|c 1988.
|
| 300 |
|
|
|a 67 pages
|
| 336 |
|
|
|a text
|b txt
|2 rdacontent
|
| 337 |
|
|
|a unmediated
|b n
|2 rdamedia
|
| 338 |
|
|
|a volume
|b nc
|2 rdacarrier
|
| 500 |
|
|
|a "The Lamont poetry selection for 1987."
|
| 999 |
|
|
|a MARS
|
| 999 |
f |
f |
|s 39e57428-2ffa-311f-a0b1-b9b113053933
|i af89bbe7-fb34-31ca-b3f6-274483f3ece0
|t 0
|
| 952 |
f |
f |
|p ric
|a Texas A&M University
|b Rellis Campus
|c Joint Library Facility
|d Remote Storage
|t 0
|e PS3558.O48 R58 1988
|h Library of Congress classification
|i unmediated -- volume
|m A14811082347
|
| 998 |
f |
f |
|a PS3558.O48 R58 1988
|t 0
|l Remote Storage
|